Olivia Rodrigo discography (dec 2024 update) - Statistics

General Stats
  • This quiz has been taken 84 times
  • The average score is 25 of 32
Answer Stats
Answer % Correct
drivers license
95%
all-american bitch
92%
deja vu
91%
good 4 u
89%
vampire
89%
traitor
88%
favorite crime
86%
brutal
84%
happier
83%
Can't Catch Me Now
81%
pretty isn't pretty
81%
scared of my guitar
81%
All I Want
80%
ballad of a homeschooled girl
80%
lacy
80%
obsessed
80%
so american
80%
bad idea right?
78%
making the bed
78%
get him back!
77%
jealousy, jealousy
77%
1 step forward, 3 steps back
75%
hope ur ok
75%
teenage dream
75%
enough for you
73%
logical
72%
the grudge
70%
girl i've always been
66%
love is embarrassing
66%
stranger
61%
The Rose Song
50%
Just for a Moment
20%
No matching quizzes found
Score Distribution
Percent of People with Each Score
Percentile by Number Answered
Your Score History
You have not taken this quiz